000 01327cam a22003617a 4500
003 CHAP
005 20251104135250.0
008 020828d2002 mx b r 00110 spa d
010 _a86190
011 _a87162
035 _a97704
040 _cCHAP
090 _aTesis
100 1 0 _aGómez Moscoso, Rodulfo
_949824
245 1 0 _aOrganización social y mercados del café orgánico :
_bel caso de la unión de ejidos San Fernando, Chiapas
_c/por Rodolfo Gómez Moscoso
260 _aChapingo, Méx. :
_bEl autor,
_c2002.
300 _a125 h. :
_bgráfs. ; mapas
502 _aTesis (M.C. en Desarrollo Rural Regionsl) -- UACH. Dirección de Centros Regionales Universitarios
590 _aALEPH
_b10
_c20130110
_lUCH01
_h1449
590 _aBATCH-UPD
_b10
_c20130110
_lUCH01
_h0750
590 _aBATCH-UPD
_b10
_c20130410
_lUCH01
_h0430
590 _aBATCH-UPD
_b10
_c20130914
_lUCH01
_h0812
590 _aCONVERSION
_b10
_c20130109
_lUCH01
_h1348
650 1 4 _aCafé orgánico.
_917217
650 1 4 _aCafé
_xChiapas.
_917115
650 1 4 _aCafé
_xMercadeo
_zChiapas.
_917172
650 1 4 _aOrganización de productores.
_983544
901 _aBK
905 _aLuis Gutierrez Merín
942 _cFOLL
949 _aTesis
_bBC
_cTES
_d33724000875928
_eTS2
_fc.2
_h39754
_i97704
_si
949 _aTesis
_bBC
_cTES
_d97704
_eTS1
_h39755
_i97704
_sb
999 _c86190
_d86190